[Event "BPB Limburg Open - Group A"]
[Site "chess24.com"]
[Date "2016.05.14"]
[Round "2"]
[White "Ducarmon, Quinten"]
[Black "Van Foreest, Jorden"]
[Result "0-1"]
[Board "8"]
[WhiteTitle "IM"]
[WhiteElo "2470"]
[WhiteCountry "NED"]
[WhiteFideId "1025007"]
[WhiteEloChange "-4"]
[BlackTitle "GM"]
[BlackElo "2557"]
[BlackCountry "NED"]
[BlackFideId "1039784"]
[BlackEloChange "4"]

1. e4 {[%clk 2:00:27]} e5 {[%clk 2:00:23]} 2. Nf3 {[%clk 2:00:37]} Nc6 {[%clk
2:00:33]} 3. Bb5 {[%clk 2:00:18]} a6 {[%clk 2:00:40]} 4. Ba4 {[%clk 2:00:28]} d6
{[%clk 2:00:49]} 5. c3 {[%clk 1:59:25]} g6 {[%clk 2:00:55]} 6. d4 {[%clk
1:59:02]} Bd7 {[%clk 2:01:02]} 7. Bg5 {[%clk 1:58:16]} f6 {[%clk 2:00:14]} 8. Be3
{[%clk 1:57:47]} Bg7 {[%clk 2:00:15]} 9. O-O {[%clk 1:57:03]} Nh6 {[%clk
1:59:51]} 10. dxe5 {[%clk 1:55:14]} dxe5 {[%clk 1:56:10]} 11. b4 {[%clk 1:44:59]}
O-O {[%clk 1:51:04]} 12. h3 {[%clk 1:38:07]} Nf7 {[%clk 1:47:24]} 13. Bb3 {[%clk
1:35:46]} Qe8 {[%clk 1:36:20]} 14. Nbd2 {[%clk 1:25:02]} Kh8 {[%clk 1:35:19]} 15.
a4 {[%clk 1:17:33]} f5 {[%clk 1:30:33]} 16. Bd5 {[%clk 1:08:10]} Rb8 {[%clk
1:22:28]} 17. Qb3 {[%clk 1:01:24]} b6 {[%clk 1:17:20]} 18. exf5 {[%clk 0:57:18]}
gxf5 {[%clk 1:17:14]} 19. Rfe1 {[%clk 0:55:48]} Ne7 {[%clk 1:09:19]} 20. Bxf7
{[%clk 0:27:19]} Qxf7 {[%clk 1:08:57]} 21. Qxf7 {[%clk 0:24:04]} Rxf7 {[%clk
1:09:00]} 22. Nc4 {[%clk 0:21:29]} Ng6 {[%clk 1:09:03]} 23. a5 {[%clk 0:20:43]}
b5 {[%clk 1:05:47]} 24. Ng5 {[%clk 0:19:57]} Re7 {[%clk 1:01:38]} 25. Bc5 {[%clk
0:19:34]} bxc4 {[%clk 0:59:47]} 26. Bxe7 {[%clk 0:19:43]} Nxe7 {[%clk 0:59:59]}
27. Nf7+ {[%clk 0:19:39]} Kg8 {[%clk 1:00:12]} 28. Nxe5 {[%clk 0:19:47]} Bb5
{[%clk 1:00:14]} 29. Rad1 {[%clk 0:18:08]} Ng6 {[%clk 1:00:23]} 30. Nxg6 {[%clk
0:16:13]} hxg6 {[%clk 1:00:29]} 31. Re3 {[%clk 0:16:26]} f4 {[%clk 0:59:23]} 32.
Re4 {[%clk 0:15:10]} Bxc3 {[%clk 0:59:45]} 33. Rxf4 {[%clk 0:15:18]} Bb2 {[%clk
0:58:59]} 34. Rd5 {[%clk 0:14:45]} Re8 {[%clk 0:56:42]} 35. Rg4 {[%clk 0:13:42]}
Re1+ {[%clk 0:46:57]} 36. Kh2 {[%clk 0:13:53]} Re5 {[%clk 0:47:01]} 37. Rxg6+
{[%clk 0:12:22]} Kf7 {[%clk 0:47:14]} 38. Rg5 {[%clk 0:11:43]} Ke6 {[%clk
0:47:17]} 39. Rc5 {[%clk 0:11:16]} Rxg5 {[%clk 0:47:25]} 40. Rxg5 {[%clk
0:11:28]} Be5+ {[%clk 0:47:21]} 41. g3 {[%clk 0:11:37]} c3 {[%clk 0:47:32]} 42.
f4 {[%clk 0:11:31]} Bd4 {[%clk 0:47:30]} 0-1

[Event "BPB Limburg Open - Group A"]
[Site "chess24.com"]
[Date "2016.05.14"]
[Round "2"]
[White "Swinkels, Robin"]
[Black "Ernst, Sipke"]
[Result "1/2-1/2"]
[Board "9"]
[WhiteTitle "GM"]
[WhiteElo "2485"]
[WhiteCountry "NED"]
[WhiteFideId "1010824"]
[WhiteEloChange "1"]
[BlackTitle "GM"]
[BlackElo "2543"]
[BlackCountry "NED"]
[BlackFideId "1004689"]
[BlackEloChange "-1"]

1. d4 {[%clk 2:00:28]} Nf6 {[%clk 1:59:20]} 2. c4 {[%clk 2:00:32]} g6 {[%clk
1:59:31]} 3. Nc3 {[%clk 1:59:02]} Bg7 {[%clk 1:59:42]} 4. e4 {[%clk 1:59:13]} d6
{[%clk 1:59:54]} 5. Nf3 {[%clk 1:57:40]} O-O {[%clk 2:00:03]} 6. h3 {[%clk
1:57:52]} c5 {[%clk 1:59:19]} 7. d5 {[%clk 1:57:31]} e6 {[%clk 1:57:02]} 8. Bd3
{[%clk 1:57:19]} exd5 {[%clk 1:57:13]} 9. exd5 {[%clk 1:51:33]} Re8+ {[%clk
1:56:33]} 10. Be3 {[%clk 1:51:42]} Bh6 {[%clk 1:56:20]} 11. O-O {[%clk 1:51:35]}
Bxe3 {[%clk 1:56:19]} 12. fxe3 {[%clk 1:51:48]} Nbd7 {[%clk 1:49:49]} 13. Qd2
{[%clk 1:41:45]} Rf8 {[%clk 1:45:27]} 14. e4 {[%clk 1:30:45]} Ne8 {[%clk
1:42:08]} 15. Qh6 {[%clk 1:09:49]} Qe7 {[%clk 1:39:58]} 16. e5 {[%clk 0:56:54]}
Nxe5 {[%clk 1:36:53]} 17. Nxe5 {[%clk 0:57:04]} dxe5 {[%clk 1:29:56]} 18. d6
{[%clk 0:57:03]} Qxd6 {[%clk 1:22:54]} 19. Rad1 {[%clk 0:57:10]} Qe6 {[%clk
1:09:38]} 20. Nd5 {[%clk 0:49:27]} f5 {[%clk 0:59:27]} 21. Be4 {[%clk 0:26:55]}
Rf7 {[%clk 0:44:55]} 22. Nc7 {[%clk 0:25:27]} Nxc7 {[%clk 0:43:41]} 23. Rd8+
{[%clk 0:25:36]} Ne8 {[%clk 0:43:42]} 24. Bd5 {[%clk 0:25:24]} Qe7 {[%clk
0:43:19]} 25. Rd1 {[%clk 0:23:08]} Qf8 {[%clk 0:32:50]} 26. Qe3 {[%clk 0:11:43]}
Qe7 {[%clk 0:32:49]} 27. Qh6 {[%clk 0:11:42]} Qf8 {[%clk 0:32:57]} 28. Qe3 {[%clk
0:11:17]} Qe7 {[%clk 0:33:06]} 1/2-1/2

[Event "BPB Limburg Open - Group A"]
[Site "chess24.com"]
[Date "2016.05.14"]
[Round "2"]
[White "Janssen, Ruud"]
[Black "Schroeder, Jan-Christian"]
[Result "1/2-1/2"]
[Board "10"]
[WhiteTitle "GM"]
[WhiteElo "2508"]
[WhiteCountry "NED"]
[WhiteFideId "1004816"]
[BlackTitle "GM"]
[BlackElo "2508"]
[BlackCountry "GER"]
[BlackFideId "24662259"]

1. Nf3 {[%clk 2:00:27]} d5 {[%clk 2:00:26]} 2. g3 {[%clk 2:00:34]} g6 {[%clk
1:56:09]} 3. Bg2 {[%clk 1:59:02]} Bg7 {[%clk 1:56:21]} 4. c4 {[%clk 1:55:12]} d4
{[%clk 1:48:46]} 5. d3 {[%clk 1:55:00]} Nc6 {[%clk 1:43:09]} 6. O-O {[%clk
1:52:48]} e5 {[%clk 1:42:52]} 7. Nbd2 {[%clk 1:36:13]} a5 {[%clk 1:39:08]} 8. a3
{[%clk 1:27:00]} Nge7 {[%clk 1:30:43]} 9. Rb1 {[%clk 1:25:07]} a4 {[%clk
1:30:41]} 10. Ne4 {[%clk 1:23:50]} b6 {[%clk 1:25:19]} 11. Bg5 {[%clk 1:18:18]}
O-O {[%clk 1:06:16]} 12. Bf6 {[%clk 0:57:53]} Ra5 {[%clk 1:02:59]} 13. Qc1 {[%clk
0:42:50]} Bxf6 {[%clk 1:00:03]} 14. Nxf6+ {[%clk 0:42:58]} Kg7 {[%clk 1:00:15]}
15. Qg5 {[%clk 0:33:50]} e4 {[%clk 0:55:45]} 16. Nh5+ {[%clk 0:33:52]} Kg8 {[%clk
0:55:55]} 17. Nf6+ {[%clk 0:33:37]} Kg7 {[%clk 0:56:03]} 18. Nh5+ {[%clk
0:33:45]} 1/2-1/2

[Event "BPB Limburg Open - Group A"]
[Site "chess24.com"]
[Date "2016.05.14"]
[Round "3"]
[White "Miedema, David"]
[Black "Bachmann, Axel"]
[Result "0-1"]
[Board "1"]
[WhiteTitle "IM"]
[WhiteElo "2355"]
[WhiteCountry "NED"]
[WhiteFideId "1018477"]
[WhiteEloChange "-3"]
[BlackTitle "GM"]
[BlackElo "2632"]
[BlackCountry "PAR"]
[BlackFideId "3700488"]
[BlackEloChange "2"]

1. d4 {[%clk 2:00:25]} Nf6 {[%clk 1:59:35]} 2. c4 {[%clk 2:00:35]} e6 {[%clk
1:58:56]} 3. Nc3 {[%clk 2:00:44]} Bb4 {[%clk 1:59:06]} 4. Qc2 {[%clk 2:00:54]} d6
{[%clk 1:54:14]} 5. Bd2 {[%clk 1:54:56]} c5 {[%clk 1:52:38]} 6. a3 {[%clk
1:52:12]} Ba5 {[%clk 1:52:13]} 7. dxc5 {[%clk 1:48:29]} dxc5 {[%clk 1:52:21]} 8.
Rd1 {[%clk 1:41:46]} Nc6 {[%clk 1:48:31]} 9. e3 {[%clk 1:39:35]} O-O {[%clk
1:45:37]} 10. Nf3 {[%clk 1:36:41]} Qe7 {[%clk 1:43:59]} 11. Bd3 {[%clk 1:32:31]}
Bc7 {[%clk 1:40:49]} 12. O-O {[%clk 1:30:21]} h6 {[%clk 1:40:52]} 13. h3 {[%clk
1:24:26]} b6 {[%clk 1:39:28]} 14. e4 {[%clk 1:16:17]} Bb7 {[%clk 1:33:05]} 15.
Rfe1 {[%clk 1:14:37]} Nd7 {[%clk 1:20:30]} 16. Bf1 {[%clk 1:08:13]} Rad8 {[%clk
1:18:50]} 17. Be3 {[%clk 1:02:22]} Nde5 {[%clk 1:06:17]} 18. Nxe5 {[%clk
1:01:49]} Bxe5 {[%clk 1:06:18]} 19. f4 {[%clk 1:00:50]} Bd4 {[%clk 1:06:27]} 20.
e5 {[%clk 0:54:37]} Qh4 {[%clk 1:03:18]} 21. Bxd4 {[%clk 0:54:45]} Rxd4 {[%clk
1:03:15]} 22. Ne2 {[%clk 0:54:36]} Rdd8 {[%clk 0:55:04]} 23. Rxd8 {[%clk
0:54:15]} Rxd8 {[%clk 0:54:13]} 24. Rd1 {[%clk 0:53:58]} Na5 {[%clk 0:52:24]} 25.
g3 {[%clk 0:49:54]} Qe7 {[%clk 0:52:03]} 26. Nc3 {[%clk 0:49:08]} Ba8 {[%clk
0:39:24]} 27. Rxd8+ {[%clk 0:44:32]} Qxd8 {[%clk 0:39:36]} 28. Qd3 {[%clk
0:44:33]} Qc8 {[%clk 0:38:53]} 29. b4 {[%clk 0:37:56]} cxb4 {[%clk 0:38:48]} 30.
axb4 {[%clk 0:38:09]} Nc6 {[%clk 0:38:46]} 31. Qd6 {[%clk 0:38:11]} Nb8 {[%clk
0:35:47]} 32. h4 {[%clk 0:35:24]} Nd7 {[%clk 0:34:58]} 33. Bd3 {[%clk 0:33:40]}
a5 {[%clk 0:34:43]} 34. bxa5 {[%clk 0:30:49]} bxa5 {[%clk 0:34:52]} 35. Kf2
{[%clk 0:30:54]} Qb7 {[%clk 0:29:54]} 36. Ke3 {[%clk 0:30:49]} a4 {[%clk
0:25:53]} 37. Kd4 {[%clk 0:29:28]} Qb2 {[%clk 0:23:51]} 38. c5 {[%clk 0:29:39]}
Bd5 {[%clk 0:23:41]} 39. Ke3 {[%clk 0:27:33]} Qxc3 {[%clk 0:21:18]} 40. Qxd7
{[%clk 0:27:42]} Qe1+ {[%clk 0:21:25]} 41. Kd4 {[%clk 0:27:08]} Qg1+ {[%clk
0:21:31]} 42. Kc3 {[%clk 0:27:17]} Qxc5+ {[%clk 0:21:36]} 43. Kd2 {[%clk
0:27:31]} Qa5+ {[%clk 0:21:21]} 44. Ke2 {[%clk 0:26:24]} Qa8 {[%clk 0:21:29]} 45.
g4 {[%clk 0:25:14]} a3 {[%clk 0:20:41]} 0-1

[Event "BPB Limburg Open - Group A"]
[Site "chess24.com"]
[Date "2016.05.14"]
[Round "3"]
[White "Van Foreest, Jorden"]
[Black "Gharamian, Tigran"]
[Result "0-1"]
[Board "2"]
[WhiteTitle "GM"]
[WhiteElo "2557"]
[WhiteCountry "NED"]
[WhiteFideId "1039784"]
[WhiteEloChange "-4"]
[BlackTitle "GM"]
[BlackElo "2627"]
[BlackCountry "FRA"]
[BlackFideId "13301527"]
[BlackEloChange "4"]

1. e4 {[%clk 1:59:18]} c6 {[%clk 2:00:18]} 2. d4 {[%clk 1:56:46]} d5 {[%clk
2:00:12]} 3. e5 {[%clk 1:56:54]} Bf5 {[%clk 2:00:19]} 4. h4 {[%clk 1:57:07]} h6
{[%clk 1:58:27]} 5. g4 {[%clk 1:56:05]} Bd7 {[%clk 1:58:00]} 6. Be3 {[%clk
1:52:35]} Qc8 {[%clk 1:43:22]} 7. Bh3 {[%clk 1:43:55]} c5 {[%clk 1:40:04]} 8.
dxc5 {[%clk 1:28:34]} e6 {[%clk 1:31:45]} 9. Nf3 {[%clk 1:26:18]} Bxc5 {[%clk
1:31:16]} 10. Nd4 {[%clk 1:26:07]} Nc6 {[%clk 1:20:10]} 11. Nxc6 {[%clk 0:52:16]}
Bxe3 {[%clk 1:16:11]} 12. fxe3 {[%clk 0:52:29]} Qxc6 {[%clk 1:15:29]} 13. Nd2
{[%clk 0:47:29]} Rc8 {[%clk 0:53:44]} 14. O-O {[%clk 0:37:52]} Ne7 {[%clk
0:51:10]} 15. c3 {[%clk 0:35:17]} Qc7 {[%clk 0:48:17]} 16. Qf3 {[%clk 0:34:26]}
O-O {[%clk 0:39:45]} 17. Qg3 {[%clk 0:34:38]} Ng6 {[%clk 0:34:10]} 18. Nf3 {[%clk
0:34:39]} f6 {[%clk 0:34:20]} 19. g5 {[%clk 0:33:19]} hxg5 {[%clk 0:34:15]} 20.
hxg5 {[%clk 0:33:21]} Nxe5 {[%clk 0:30:03]} 21. g6 {[%clk 0:30:24]} Nxf3+ {[%clk
0:23:30]} 22. Qxf3 {[%clk 0:29:37]} Qe5 {[%clk 0:23:26]} 23. Rf2 {[%clk 0:29:49]}
Rc4 {[%clk 0:22:15]} 24. Rd1 {[%clk 0:25:09]} Rh4 {[%clk 0:20:55]} 25. Rd4 {[%clk
0:20:22]} Rh6 {[%clk 0:20:57]} 26. Rg2 {[%clk 0:20:33]} f5 {[%clk 0:20:18]} 27.
Qg3 {[%clk 0:17:29]} Qxg3 {[%clk 0:19:23]} 28. Rxg3 {[%clk 0:17:42]} Rf6 {[%clk
0:16:20]} 29. c4 {[%clk 0:17:13]} Rhxg6 {[%clk 0:15:26]} 30. Rxg6 {[%clk
0:16:34]} Rxg6+ {[%clk 0:15:38]} 31. Kf2 {[%clk 0:16:43]} Bc6 {[%clk 0:15:39]}
32. Bg2 {[%clk 0:16:49]} Kf8 {[%clk 0:14:52]} 33. cxd5 {[%clk 0:15:38]} exd5
{[%clk 0:15:01]} 34. b4 {[%clk 0:15:07]} Ke7 {[%clk 0:14:24]} 35. Bf3 {[%clk
0:15:20]} Rd6 {[%clk 0:12:38]} 36. Be2 {[%clk 0:13:54]} a6 {[%clk 0:12:29]} 37.
Bd1 {[%clk 0:13:37]} g5 {[%clk 0:11:23]} 38. a4 {[%clk 0:11:44]} Kf6 {[%clk
0:11:25]} 39. a5 {[%clk 0:11:40]} Ke5 {[%clk 0:11:30]} 40. Bf3 {[%clk 0:11:52]}
Rh6 {[%clk 0:10:44]} 41. Rd1 {[%clk 0:11:53]} Rh4 {[%clk 0:10:23]} 42. Rg1 {[%clk
0:11:54]} Rh2+ {[%clk 0:09:25]} 0-1

[Event "BPB Limburg Open - Group A"]
[Site "chess24.com"]
[Date "2016.05.14"]
[Round "3"]
[White "Chatalbashev, Boris"]
[Black "Berg, Emanuel"]
[Result "0-1"]
[Board "3"]
[WhiteTitle "GM"]
[WhiteElo "2548"]
[WhiteCountry "BUL"]
[WhiteFideId "2900440"]
[WhiteEloChange "-5"]
[BlackTitle "GM"]
[BlackElo "2581"]
[BlackCountry "SWE"]
[BlackFideId "1704060"]
[BlackEloChange "5"]

1. d4 {[%clk 2:00:26]} Nf6 {[%clk 1:58:05]} 2. c4 {[%clk 2:00:34]} g6 {[%clk
1:58:15]} 3. Nc3 {[%clk 2:00:44]} Bg7 {[%clk 1:58:25]} 4. e4 {[%clk 2:00:54]} d6
{[%clk 1:58:35]} 5. Be2 {[%clk 2:01:03]} O-O {[%clk 1:58:32]} 6. Be3 {[%clk
2:00:43]} e5 {[%clk 1:57:26]} 7. d5 {[%clk 2:00:50]} a5 {[%clk 1:56:55]} 8. g4
{[%clk 2:00:40]} Na6 {[%clk 1:56:52]} 9. h4 {[%clk 1:59:29]} Nc5 {[%clk 1:55:31]}
10. Bf3 {[%clk 1:59:36]} c6 {[%clk 1:53:59]} 11. g5 {[%clk 1:59:11]} Nfd7 {[%clk
1:53:58]} 12. dxc6 {[%clk 1:58:52]} bxc6 {[%clk 1:50:21]} 13. Qxd6 {[%clk
1:58:47]} Qb6 {[%clk 1:50:03]} 14. Rd1 {[%clk 1:55:48]} Re8 {[%clk 1:32:16]} 15.
Nge2 {[%clk 1:51:48]} Bf8 {[%clk 1:29:29]} 16. Qd2 {[%clk 1:51:41]} Qb4 {[%clk
1:29:10]} 17. b3 {[%clk 1:13:04]} a4 {[%clk 1:27:37]} 18. Nxa4 {[%clk 1:09:09]}
Nxa4 {[%clk 1:25:48]} 19. bxa4 {[%clk 1:07:42]} Nb6 {[%clk 1:12:34]} 20. Qxb4
{[%clk 0:58:45]} Bxb4+ {[%clk 1:12:47]} 21. Bd2 {[%clk 0:58:43]} Bc5 {[%clk
1:06:01]} 22. Rc1 {[%clk 0:54:26]} Rxa4 {[%clk 0:48:26]} 23. Nc3 {[%clk 0:54:33]}
Ra3 {[%clk 0:44:18]} 24. Be2 {[%clk 0:52:30]} Bd4 {[%clk 0:40:29]} 25. c5 {[%clk
0:29:37]} Nd7 {[%clk 0:39:33]} 26. Rh3 {[%clk 0:28:39]} Nxc5 {[%clk 0:38:25]} 27.
Rg3 {[%clk 0:26:18]} Be6 {[%clk 0:36:58]} 28. h5 {[%clk 0:19:59]} gxh5 {[%clk
0:21:25]} 29. Bxh5 {[%clk 0:19:40]} Bxa2 {[%clk 0:21:21]} 30. Nd5 {[%clk
0:16:04]} Bxf2+ {[%clk 0:09:40]} 31. Ke2 {[%clk 0:15:47]} Bxg3 {[%clk 0:08:46]}
32. Nf6+ {[%clk 0:15:43]} Kh8 {[%clk 0:08:32]} 33. Nxe8 {[%clk 0:11:34]} Nxe4
{[%clk 0:08:08]} 34. Rxc6 {[%clk 0:10:02]} Be6 {[%clk 0:06:16]} 35. Nc7 {[%clk
0:04:13]} Bd7 {[%clk 0:05:20]} 36. Rc2 {[%clk 0:04:06]} Ba4 {[%clk 0:02:50]} 37.
Rb2 {[%clk 0:03:27]} Nxd2 {[%clk 0:02:43]} 38. Rb8+ {[%clk 0:02:00]} Kg7 {[%clk
0:02:56]} 39. Rb7 {[%clk 0:02:04]} Bb3 {[%clk 0:00:54]} 40. Ne8+ {[%clk 0:01:49]}
Kf8 {[%clk 0:01:03]} 41. Nf6 {[%clk 0:01:57]} Bf4 {[%clk 0:00:24]} 42. Rb8+
{[%clk 0:00:17]} Ke7 {[%clk 0:00:37]} 43. Rb7+ {[%clk 0:00:28]} Kd6 {[%clk
0:00:25]} 44. Nxh7 {[%clk 0:00:00]} 0-1

[Event "BPB Limburg Open - Group A"]
[Site "chess24.com"]
[Date "2016.05.14"]
[Round "3"]
[White "Fuchs, Judith"]
[Black "Fier, Alexandr"]
[Result "0-1"]
[Board "5"]
[WhiteTitle "WIM"]
[WhiteElo "2342"]
[WhiteCountry "GER"]
[WhiteFideId "24605611"]
[WhiteEloChange "-3"]
[BlackTitle "GM"]
[BlackElo "2624"]
[BlackCountry "BRA"]
[BlackFideId "2107139"]
[BlackEloChange "2"]

1. e4 {[%clk 2:00:28]} c5 {[%clk 2:00:24]} 2. Nf3 {[%clk 2:00:36]} d6 {[%clk
2:00:35]} 3. d4 {[%clk 2:00:44]} cxd4 {[%clk 2:00:46]} 4. Nxd4 {[%clk 2:00:53]}
Nf6 {[%clk 2:00:57]} 5. Nc3 {[%clk 2:01:01]} a6 {[%clk 2:01:09]} 6. Nb3 {[%clk
2:00:58]} g6 {[%clk 2:01:08]} 7. Be2 {[%clk 2:00:54]} Bg7 {[%clk 2:00:38]} 8. g4
{[%clk 2:00:52]} b5 {[%clk 2:00:45]} 9. g5 {[%clk 1:58:44]} Nfd7 {[%clk 2:00:43]}
10. Be3 {[%clk 1:57:42]} Bb7 {[%clk 2:00:48]} 11. a3 {[%clk 1:55:46]} Nc6 {[%clk
1:59:59]} 12. f4 {[%clk 1:50:16]} Rc8 {[%clk 2:00:04]} 13. O-O {[%clk 1:47:52]}
h6 {[%clk 1:56:46]} 14. gxh6 {[%clk 1:37:58]} Bxh6 {[%clk 1:56:55]} 15. Qe1
{[%clk 1:33:35]} e5 {[%clk 1:55:41]} 16. Qg3 {[%clk 1:18:48]} exf4 {[%clk
1:55:27]} 17. Bxf4 {[%clk 1:18:57]} Bxf4 {[%clk 1:55:36]} 18. Rxf4 {[%clk
1:18:29]} Nce5 {[%clk 1:55:39]} 19. Raf1 {[%clk 1:09:58]} Qe7 {[%clk 1:54:22]}
20. Bd1 {[%clk 0:56:34]} Qe6 {[%clk 1:52:53]} 21. Nd4 {[%clk 0:52:14]} Qh3 {[%clk
1:53:01]} 22. Qf2 {[%clk 0:47:17]} Rh7 {[%clk 1:52:39]} 23. Nd5 {[%clk 0:37:50]}
Bxd5 {[%clk 1:42:02]} 24. exd5 {[%clk 0:37:59]} Rc5 {[%clk 1:42:13]} 25. Nf3
{[%clk 0:33:18]} Qh6 {[%clk 1:40:55]} 26. Rd4 {[%clk 0:29:02]} Nxf3+ {[%clk
1:40:41]} 27. Bxf3 {[%clk 0:29:05]} Ne5 {[%clk 1:40:51]} 28. Re1 {[%clk 0:25:18]}
Kf8 {[%clk 1:40:41]} 29. Bd1 {[%clk 0:23:56]} Rc8 {[%clk 1:37:56]} 30. Rf4 {[%clk
0:20:08]} Qg5+ {[%clk 1:36:19]} 31. Kh1 {[%clk 0:19:59]} Kg7 {[%clk 1:36:11]} 32.
Rf1 {[%clk 0:14:55]} Qe7 {[%clk 1:34:26]} 33. Rg1 {[%clk 0:13:40]} Rch8 {[%clk
1:34:14]} 34. Rg2 {[%clk 0:13:43]} Nc4 {[%clk 1:31:35]} 35. Qd4+ {[%clk 0:11:40]}
Qe5 {[%clk 1:31:46]} 36. Rgf2 {[%clk 0:09:50]} Qxd4 {[%clk 1:31:40]} 37. Rxd4
{[%clk 0:10:04]} Nxb2 {[%clk 1:31:44]} 38. Be2 {[%clk 0:09:54]} Rh4 {[%clk
1:31:02]} 39. Rb4 {[%clk 0:07:00]} Rxb4 {[%clk 1:30:19]} 40. axb4 {[%clk
0:07:00]} Rc8 {[%clk 1:30:22]} 41. Bf1 {[%clk 0:07:01]} Nd1 {[%clk 1:30:31]} 42.
Rd2 {[%clk 0:06:08]} Ne3 {[%clk 1:30:40]} 43. Be2 {[%clk 0:05:47]} Rxc2 {[%clk
1:30:39]} 0-1

[Event "BPB Limburg Open - Group A"]
[Site "chess24.com"]
[Date "2016.05.14"]
[Round "3"]
[White "Hoolt, Sarah"]
[Black "Fridman, Daniel"]
[Result "1/2-1/2"]
[Board "6"]
[WhiteTitle "WGM"]
[WhiteElo "2312"]
[WhiteCountry "GER"]
[WhiteFideId "24606812"]
[WhiteEloChange "7"]
[BlackTitle "GM"]
[BlackElo "2614"]
[BlackCountry "GER"]
[BlackFideId "11600454"]
[BlackEloChange "-4"]

1. e4 {[%clk 2:00:28]} c6 {[%clk 1:58:59]} 2. d4 {[%clk 2:00:38]} d5 {[%clk
1:59:09]} 3. Nc3 {[%clk 2:00:49]} g6 {[%clk 1:59:02]} 4. e5 {[%clk 1:58:50]} h5
{[%clk 1:59:00]} 5. Nf3 {[%clk 1:58:17]} Bg4 {[%clk 1:57:18]} 6. Be2 {[%clk
1:57:43]} Bxf3 {[%clk 1:56:27]} 7. Bxf3 {[%clk 1:57:42]} e6 {[%clk 1:56:37]} 8.
Qd3 {[%clk 1:55:22]} Nd7 {[%clk 1:54:01]} 9. Ne2 {[%clk 1:50:38]} Ne7 {[%clk
1:53:19]} 10. Bg5 {[%clk 1:46:21]} Qa5+ {[%clk 1:49:23]} 11. c3 {[%clk 1:45:59]}
c5 {[%clk 1:41:53]} 12. b4 {[%clk 1:33:50]} cxb4 {[%clk 1:41:25]} 13. cxb4 {[%clk
1:33:52]} Qxb4+ {[%clk 1:33:48]} 14. Bd2 {[%clk 1:31:56]} Qc4 {[%clk 1:28:02]}
15. Qxc4 {[%clk 1:31:51]} dxc4 {[%clk 1:28:11]} 16. Bxb7 {[%clk 1:32:01]} Rb8
{[%clk 1:28:21]} 17. Ba6 {[%clk 1:28:33]} 1/2-1/2

[Event "BPB Limburg Open - Group A"]
[Site "chess24.com"]
[Date "2016.05.14"]
[Round "3"]
[White "Socko, Bartosz"]
[Black "Janssen, Ruud"]
[Result "1/2-1/2"]
[Board "7"]
[WhiteTitle "GM"]
[WhiteElo "2600"]
[WhiteCountry "POL"]
[WhiteFideId "1107038"]
[WhiteEloChange "-1"]
[BlackTitle "GM"]
[BlackElo "2508"]
[BlackCountry "NED"]
[BlackFideId "1004816"]
[BlackEloChange "1"]

1. d4 {[%clk 1:59:49]} Nf6 {[%clk 2:00:20]} 2. c4 {[%clk 2:00:01]} e6 {[%clk
2:00:28]} 3. Nc3 {[%clk 2:00:11]} Bb4 {[%clk 2:00:36]} 4. Qc2 {[%clk 2:00:22]} c5
{[%clk 2:00:15]} 5. dxc5 {[%clk 2:00:29]} O-O {[%clk 2:00:19]} 6. a3 {[%clk
2:00:36]} Bxc5 {[%clk 2:00:28]} 7. Nf3 {[%clk 2:00:41]} Nc6 {[%clk 2:00:03]} 8.
Bf4 {[%clk 1:59:24]} e5 {[%clk 1:59:20]} 9. Bg5 {[%clk 1:56:43]} Nd4 {[%clk
1:57:24]} 10. Nxd4 {[%clk 1:55:12]} exd4 {[%clk 1:57:23]} 11. Nd5 {[%clk
1:27:14]} Qa5+ {[%clk 1:54:32]} 12. Bd2 {[%clk 1:26:28]} Qd8 {[%clk 1:54:22]} 13.
Bg5 {[%clk 1:17:29]} Qa5+ {[%clk 1:53:48]} 14. Bd2 {[%clk 1:16:53]} Qd8 {[%clk
1:53:46]} 15. Bg5 {[%clk 1:15:56]} 1/2-1/2